000 00654nam a22002057a 4500
003 OSt
005 20140311163000.0
008 130212t xxu||||| |||| 00| 0 eng d
020 _a9789710391608
050 _a Z 668.3
_b.B928 2011
100 _aBuenrostro, Juan C.
245 _aThe complete reviewer for librarian's licensure examination /
_cJuan C. Buenrostro, Jr. ; contributors, Annabelle P. Acedera ... [et al].
260 _aQuezon City :
_bProfessional Librarian's Review Center,
_c2011.
300 _a202 p. :
_c23 cm.
521 _aEDU
562 _e1
650 _aLiabilities Examinations
942 _2lcc
_cBK
_kLOC
999 _c39171
_d39171